000 00874nam a22002297a 4500
999 _c2557
_d2557
003 AR-CdUCM
008 190304b ||||| |||| 00| 0 esp d
020 _aISBN
040 _aMUNICIPALIDAD PROVINCIAL DEL CUSCO
_cBIBLIOTECA MUNICIPAL DEL CUSCO
082 _a759.915 /
_bR77
100 _aRoh, Franz
_99043
245 _aRealismo mágico :
_bpost expresionismo /
260 _aMadrid :
_bRevista de Occidente,
_c1927.
300 _a141 paginas ;
_c21 cm.
_b91 ilustraciones
500 _aDonación familia Nieto.
505 _aHistoria del presente. Menosprecio de nuestra época -- Sistema del expresionismo -- La proximidad del objeto como creación espiritual -- Direcciones del post-expresionismo ...
650 _aPintura moderna
_99044
650 _aArte moderno
_99045
650 _aRealismo en el arte
_99046
942 _2ddc
_cLIBROS
945 _aacrt
_d2019-03-04